The handbook of British mammals

Αποθηκεύτηκε σε:
Λεπτομέρειες βιβλιογραφικής εγγραφής
Άλλοι συγγραφείς: Corbet, G. B. (Gordon Barclay) (Επιμελητής έκδοσης)
Μορφή: Βιβλίο
Γλώσσα:English
Δημοσίευση: Oxford : Blackwell, 1991
Έκδοση:3rd ed.
Θέματα:
Ετικέτες: Προσθήκη ετικέτας
Δεν υπάρχουν, Καταχωρήστε ετικέτα πρώτοι!

MARC

LEADER 00000nam a2200000 i 4500
001 1/67625
008 931105s1991 eng d
020 |a 0-632-01691-4 
035 |a ΛΕΣΒΟΣb10001932  |l 10001932 
040 |a GR-MY-UA  |b gre  |e aacr 
041 0 |a eng 
082 0 |a 599.0941 
245 1 4 |a The handbook of British mammals /  |c Edited by Gordon Corbet 
250 |a 3rd ed. 
260 |a Oxford :   |b Blackwell,   |c 1991 
300 |a xiv, 588 σ.;  |b εικ.;  |c 26 εκ. 
504 |a Περιέχει βιβλιογραφικές παραπομπές και ευρετήριο 
650 0 0 |a Mammals  |z Great Britain. 
700 1 |a Corbet, G. B.  |q (Gordon Barclay)  |4 edt 
852 |a INST  |b LESVOS  |e 19931105  |h 599.0941 HAN  |p 005100006572  |q 005100006572  |t BK  |y 0 
909 |a Λ  |b 026835